| 000 | 01312cam a2200313 i 4500 | ||
|---|---|---|---|
| 001 | 24748 | ||
| 003 | Mx-PuUPA | ||
| 005 | 20250508124615.0 | ||
| 008 | 140415s2006 xx fr 000 u ger d | ||
| 040 |
_cMx-PuUPA _aMx-PuUPA _bspa _dMx-PuUPA _erda |
||
| 041 | 1 |
_ager _hspa _hnah |
|
| 100 | 1 |
_aValeriano, Antonio, _dapproximately 1520-1605 _9308 _eautor |
|
| 240 | 1 | 0 |
_aNican mopohua. _lNáhuatl |
| 245 | 1 | 0 |
_aNican Mopohua = _bHier wird erzählt / _cAnton Valeriano ; Miguel León Portilla, traductor del original en lengua náhuatl ; Ignacio García Lascuraín Bernstorff, traductor al alemán |
| 264 | 1 |
_a[lugar de publicación no identificado] : _b[editor no identificado], _c2006 |
|
| 300 |
_a28 páginas : _c17 cm |
||
| 336 |
_2rdacontent _atexto _btxt |
||
| 337 |
_2rdamedia _asin medio _bn |
||
| 338 |
_2rdacarrier _avolumen _bnc |
||
| 600 | 0 | 4 |
_aVirgen de Guadalupe _xApariciones y milagros |
| 600 | 0 | 4 |
_aVirgen María _xApariciones y milagros |
| 650 | 7 |
_2armarc _913986 |
|
| 700 | 1 |
_aLeón Portilla, Miguel, _etraductor al español del náhuatl |
|
| 700 | 1 |
_aGarcía Lascurain Bernstorff, Ignacio, _etraductor del español al alemán |
|
| 765 | 0 |
_aValeriano, Antonio _tNican mopohua _d[1649] |
|
| 942 |
_2ddc _cLI _h232.917 _iV3515 |
||
| 999 |
_c24748 _d24748 |
||